000 00771nam a2200265Ia 4500
005 20260302115709.0
008 008 260114s9999 xx 000 0 eng d
020 _a9781509943067
037 _aTextbook
040 _aCRL
040 _beng
040 _cCRL
041 _2eng
041 _aeng
084 _qCRL
100 _aSue Arrowsmith, Luke RA Butler, Annamaria La Chimia and Christopher Yukins
_91122376
245 0 _aPublic Procurement Regulation in (a) Crisis? Global Lessons from the COVID-19 Pandemic
260 _bBloomsbury
260 _bHart Publishing
260 _c2021
650 _aLaw
856 _uhttps://doi.org/10.5040/9781509943067?locatt=label:secondary_bloomsburyCollections
942 _cEBOOK
999 _c1687153
_d1687153